000 00634nam a2200277Ia 4500
005 20260324111623.0
008 008 260324s9999 xx 000 0 eng d
020 _a9781003584452
037 _aEBOOK
040 _aCRL
040 _beng
040 _cCRL
041 _2eng
041 _aeng
084 _qCRL
100 _aHamed Taherdoost
_91139322
245 0 _aInformation Technology Ethics
260 _bTaylor and Francis
260 _c2025
365 _a
365 _b355
856 _uhttp://www.taylorfrancis.com/books/9781003584452
942 _cEBOOK
999 _c1728203
_d1728203